• 首页
  • 本馆介绍
  • 公告通知
  • 最新文献
  • 馆藏检索
  • 电子资源
  • 读者导购
  • 参考咨询
  • 我的图书馆
  • 登录
  • 详细信息显示
  • 放入我的书架
  • 预约/预借图书
  • 作者相关作品
  • 分类相关作品
  • 丛书相关作品
  • 出版社相关作品

书目信息

  • 表格格式
  • 工作单格式
  • 卡片格式
题名:
教苑览胜
    
 
作者: 夏立新 , 洪早清 , 吴军其 主编
分册:  
出版信息: 武汉   华中师范大学出版社  2018
页数: 290页
开本: 24cm
丛书名:
单 册:
中图分类: G658.3
科图分类:
主题词:
电子资源:
ISBN: 978-7-5622-8464-2
000 01172nam0 2200289 450
001 012001002549
005 20131023161253.0
010    @a978-7-5622-8464-2@dCNY40.00
099    @aCAL 012019078245
100    @a20190617d2018 em y0chiy50 ea
101 0  @achi
102    @aCN@b420000
105    @aak a 000yy
106    @ar
200 1  @a教苑览胜@Ajiao yuan lan sheng@e华中师范大学青年教师教学研创录@f夏立新, 洪早清, 吴军其主编
210    @a武汉@c华中师范大学出版社@d2018
215    @a290页@c图@d24cm
320    @a有书目
330    @a本书收集了华中师范大学中青年教师在本科教学实践中的思考、研究与实践探索成果,分别从不同侧面和角度展现中青年教师热爱教学、崇尚教学和创新教学的心路历程及其具体实践过程,既是我校本科教学创新的阶段总结,也是我校师风师德的一个集中展现。
517 1  @a华中师范大学青年教师教学研创录@Ahua zhong shi fan da xue qing nian jiao shi jiao xue yan chuang lu
601 02 @a华中师范大学@Ahua zhong shi fan da xue@x教学研究
690    @aG658.3@v5
701  0 @a夏立新@Axia li xin@4主编
701  0 @a洪早清@Ahong zao qing@4主编
701  0 @a吴军其@Awu jun qi@4主编
801  0 @aCN@b江苏凤凰@c20191020
905    @b1225097-9@dG658.3@e120@f3
    
    教苑览胜:华中师范大学青年教师教学研创录/夏立新, 洪早清, 吴军其主编.-武汉:华中师范大学出版社,2018
    290页:图;24cm
    
    
    ISBN 978-7-5622-8464-2:CNY40.00
    本书收集了华中师范大学中青年教师在本科教学实践中的思考、研究与实践探索成果,分别从不同侧面和角度展现中青年教师热爱教学、崇尚教学和创新教学的心路历程及其具体实践过程,既是我校本科教学创新的阶段总结,也是我校师风师德的一个集中展现。
●
相关链接 在E读中查询图书 在五车中查询图书 在当当中查询图书 在豆瓣中查询图书


正题名:教苑览胜     索取号:G658.3/120         预约/预借

序号 登录号 条形码 馆藏地/架位号 状态 备注
1 1225097   212250972   第一样本阅览室/ [索取号:G658.3/120] 在馆    
2 1225098   212250981   第四借阅区/ [索取号:G658.3/120] 在馆    
3 1225099   212250990   教育系资料室/ [索取号:G658.3/120] 在馆    
唐山师范学院图书馆 欢迎您!
大连网信软件有限公司© 版权所有